Great landscapes (Record no. 6634)

MARC details
000 -CABECERA
campo de control de longitud fija 00718nam a2200241 a 4500
001 - NÚMERO DE CONTROL
campo de control BRCA_6952
005 - FECHA Y HORA DE LA ÚLTIMA TRANSACCIÓN
campo de control 20190320205645.0
008 - DATOS DE LONGITUD FIJA--INFORMACIÓN GENERAL
campo de control de longitud fija 181111s1955----u--a######---#000-0#eng-#
041 ## - CÓDIGO DE LENGUA
Código de lengua del texto/banda sonora o título independiente eng
044 ## - CÓDIGO DEL PAÍS DE LA ENTIDAD EDITORA/PRODUCTORA
Código MARC del país u
050 #4 - SIGNATURA TOPOGRÁFICA DE LA BIBLIOTECA DEL CONGRESO
Número de clasificación N8213
Número de documento/Ítem .S54 1955
245 10 - MENCIÓN DE TÍTULO
Título Great landscapes
Mención de responsabilidad, etc. text by Seymour Slive
260 ## - PUBLICACIÓN, DISTRIBUCIÓN, ETC.
Lugar de publicación, distribución, etc. [Estados Unidos
Nombre del editor, distribuidor, etc. Harry N. Abrams
Fecha de publicación, distribución, etc. c1955]
300 ## - DESCRIPCIÓN FÍSICA
Extensión 5 p.
Otras características físicas il. (algunas a color), 16 láminas
Dimensiones 39 cm.
440 #0 - MENCIÓN DE SERIE/PUNTO DE ACCESO ADICIONAL--TÍTULO
Título Abrams art book
9 (RLIN) 17326
500 ## - NOTA GENERAL
Nota general Estado físico: páginas desprendidas
500 ## - NOTA GENERAL
Nota general O186
650 14 - PUNTO DE ACCESO ADICIONAL DE MATERIA--TÉRMINO DE MATERIA
Término de materia o nombre geográfico como elemento de entrada Paisajes, Pintura de
9 (RLIN) 17327
700 1# - PUNTO DE ACCESO ADICIONAL--NOMBRE DE PERSONA
Nombre de persona Slive, Seymour
Término indicativo de función/relación tx.
9 (RLIN) 17328
740 0# - PUNTO DE ACCESO ADICIONAL--TÍTULO RELACIONADO O ANALÍTICO NO CONTROLADO
Título relacionado o analítico no controlado Great landscapes (sixteenth to twentieth centuries)
902 ## - CATALOGADOR
Iniciales GFM
942 ## - ELEMENTOS DE PUNTO DE ACCESO ADICIONAL (KOHA)
Fuente del sistema de clasificación o colocación Library of Congress Classification
Tipo de ítem Koha Libros
Holdings
Estado de retiro Estado de pérdida Estado dañado No para préstamo Localización permanente Ubicación/localización actual Fecha de adquisición Número de inventario Total de préstamos Signatura topográfica completa Código de barras Fecha visto por última vez Precio válido a partir de Tipo de ítem Koha
El ejemplar forma parte de la colección y puede ser consultado según las políticas vigentes.       Biblioteca del Museo Franz Mayer (Rogerio Casas-Alatriste) Biblioteca del Museo Franz Mayer (Rogerio Casas-Alatriste) 18/11/2011 O186   N8213 .S54 1955 (O186) 7399 22/03/2019 22/03/2019 Libros